000 00622nam a2200229Ia 4500
005 20230826105706.0
008 131103s9999 xx 000 0 und d
020 _cRs.5.75
040 _aLoreto College
041 _aEnglish
082 _a915.46
_bRAI
100 _aRaina,A.N.
245 _aGeography of Jammu and Kashmir
_cA.N.Raina
260 _aNew Delhi
_bNational Book Trust
_c1971
300 _a[10],183 p.
_b ill.,maps
440 _aIndia - The Land and People
504 _aIncludes index
650 _aJammu and Kashmir - Geography
700 _aKeskar,B.V.,series ed.
850 _aLCLIB
942 _cBK
999 _c3471
_d53950